[Event "Anti Cheating Blitz Cup"]
[Site "Chess.com INT"]
[Date "2020.05.20"]
[Round "9"]
[White "Leiva Rodriguez, Jeammarco Giuseppe"]
[Black "Widla, Piotr"]
[Result "1-0"]
[WhiteElo "2391"]
[BlackElo "1989"]
[PlyCount "69"]
[EventDate "2020.05.20"]
[EventType "swiss (blitz)"]
[EventRounds "11"]
[EventCountry "USA"]
[SourceTitle "CBM 196 Extra"]
[Source "ChessBase"]
[SourceDate "2020.07.31"]
[SourceVersion "1"]
[SourceVersionDate "2020.07.31"]
[SourceQuality "1"]

1. d4 g6 2. c4 Bg7 3. Nf3 Nf6 4. g3 0-0 5. Bg2 d6 6. 0-0 c6 7. Nc3 Qa5 8. e4 Qh5 9. Ng5 Qxd1 10. Rxd1 h6 11. Nf3 a5 12. h3 Na6 13. Be3 Nd7 14. Rac1 e5 15. d5 cxd5 16. Rxd5 Ndc5 17. Rxd6 Be6 18. Bf1 Rfd8 19. Rcd1 Rxd6 20. Rxd6 Bf8 21. Rd1 f6 22. Nd2 Rd8 23. Nd5 Kf7 24. f3 Nb4 25. Nb3 Nxb3 26. axb3 Nc2 27. Bb6 Rd7 28. Kf2 Nd4 29. Rd3 Bxd5 30. exd5 f5 31. f4 Nc2 32. fxe5 Nb4 33. e6+ Kf6 34. exd7 Nxd3+ 35. Bxd3 1-0

[Event "Krakow op-B 30th"]
[Site "Krakow"]
[Date "2019.12.30"]
[Round "5"]
[White "Widla, Piotr"]
[Black "Trybus, Daniel"]
[Result "0-1"]
[WhiteElo "2014"]
[BlackElo "1862"]
[PlyCount "152"]
[EventDate "2019.12.27"]
[EventType "swiss"]
[EventRounds "9"]
[EventCountry "POL"]
[SourceTitle "CBM 195 Extra"]
[Source "ChessBase"]
[SourceDate "2020.05.31"]
[SourceVersion "1"]
[SourceVersionDate "2020.05.31"]
[SourceQuality "1"]

1. d4 Nf6 2. Bf4 g6 3. Nd2 c5 4. e3 Bg7 5. Ngf3 0-0 6. Be2 d6 7. h3 Nbd7 8. 0-0 Qb6 9. Nc4 Qc7 10. a4 b6 11. c3 Ba6 12. Ncd2 Bb7 13. Rc1 Rac8 14. Re1 e5 15. dxe5 dxe5 16. Bh2 Qc6 17. Bb5 Qe6 18. e4 Rfd8 19. Ng5 Qe7 20. Bc4 Rf8 21. Qb3 h6 22. Nxf7 Rxf7 23. Bxf7+ Qxf7 24. Qxf7+ Kxf7 25. Nc4 Ke6 26. Rcd1 Ba6 27. Nd6 Rd8 28. f4 exf4 29. Bxf4 Nh5 30. Bh2 Be5 31. Bxe5 Nxe5 32. Nb5 Rxd1 33. Rxd1 Bxb5 34. axb5 Nf6 35. Ra1 Nxe4 36. Rxa7 Nd6 37. Ra6 Nd7 38. Ra4 Nxb5 39. Rh4 h5 40. g4 Ne5 41. Kg2 hxg4 42. hxg4 Nd3 43. b4 c4 44. g5 Ne5 45. Rh3 Kf5 46. Kf2 Ke4 47. Ke2 Nf7 48. Rh4+ Kd5 49. Kd2 Nbd6 50. Rd4+ Ke5 51. Rg4 Kf5 52. Rg1 Nxg5 53. Ke3 Nde4 54. Ra1 Ke5 55. Rg1 b5 56. Rg4 Kf6 57. Rf4+ Ke5 58. Rg4 Ke6 59. Rg1 Kf5 60. Rf1+ Kg4 61. Rg1+ Ng3 62. Ra1 Nf5+ 63. Ke2 Ne4 64. Rc1 g5 65. Rg1+ Neg3+ 66. Kf2 Kf4 67. Rc1 g4 68. Kg2 Ne3+ 69. Kh2 Ne4 70. Kg1 g3 71. Kh1 Nd2 72. Rg1 g2+ 73. Kh2 Nf3+ 74. Kh3 Nxg1+ 75. Kh2 Nf3+ 76. Kh3 g1N# 0-1

[Event "POL-chT 2nd League"]
[Site "Jastrzebia Gora"]
[Date "2018.09.02"]
[Round "2.1"]
[White "Widla, Piotr"]
[Black "Stachanczyk, Jacek"]
[Result "1/2-1/2"]
[WhiteElo "2032"]
[BlackElo "2171"]
[PlyCount "60"]
[EventDate "2018.09.01"]
[EventType "team-swiss"]
[EventRounds "9"]
[EventCountry "POL"]
[SourceTitle "CBM 186 Extra"]
[Source "ChessBase"]
[SourceDate "2018.08.24"]
[SourceVersion "1"]
[SourceVersionDate "2018.08.24"]
[SourceQuality "1"]
[WhiteTeam "Nowy Sacz Sandecja"]
[BlackTeam "Jaworzno"]
[WhiteTeamCountry "POL"]
[BlackTeamCountry "POL"]

1. e4 c5 2. Nc3 Nc6 3. g3 g6 4. Bg2 Bg7 5. d3 d6 6. Be3 e5 7. Qd2 Be6 8. f4 Nge7 9. Nf3 Nd4 10. 0-0 0-0 11. fxe5 dxe5 12. Ng5 Bg4 13. h3 Bc8 14. Nf3 Qd6 15. Bh6 Nxf3+ 16. Rxf3 Be6 17. Bxg7 Kxg7 18. g4 Qd4+ 19. Kh2 Rad8 20. Raf1 a6 21. Qg5 Ng8 22. Nd5 h6 23. Qc1 Bxd5 24. c3 Qa4 25. exd5 f6 26. R3f2 Ne7 27. c4 Qd7 28. Qe3 Qd6 29. Kg1 Rf7 30. Re1 g5 1/2-1/2

[Event "Katowice POL-HUN 6th"]
[Site "Katowice"]
[Date "2018.05.05"]
[Round "3"]
[White "Widla, Piotr"]
[Black "Razin, Vadim"]
[Result "0-1"]
[WhiteElo "2081"]
[BlackElo "2381"]
[PlyCount "84"]
[EventDate "2018.05.05"]
[EventType "swiss (rapid)"]
[EventRounds "9"]
[EventCountry "POL"]
[SourceTitle "CBM 184 Extra"]
[Source "ChessBase"]
[SourceDate "2018.06.28"]
[SourceVersion "1"]
[SourceVersionDate "2018.06.28"]
[SourceQuality "1"]

1. e4 e6 2. d4 d5 3. exd5 exd5 4. Nf3 Nf6 5. Bd3 c5 6. c3 Be7 7. 0-0 0-0 8. h3 Nc6 9. Re1 Re8 10. Bg5 h6 11. Bxf6 Bxf6 12. dxc5 Rxe1+ 13. Qxe1 d4 14. Na3 dxc3 15. Rd1 Qe7 16. bxc3 Qxe1+ 17. Rxe1 Be6 18. c4 Be7 19. Nb5 Rd8 20. Be4 Bxc5 21. Rc1 Rd7 22. Nc3 Ba3 23. Rb1 Bxc4 24. Bxc6 bxc6 25. Ne5 Rd4 26. Nxc6 Rd2 27. Na5 Be6 28. Nb3 Rc2 29. Nb5 Rxa2 30. N3d4 Bc5 31. Rc1 Bb6 32. Rc2 Rxc2 33. Nxc2 Bc4 34. Nd6 Bd3 35. Ne1 Ba6 36. g4 Bc5 37. Nf5 Kh7 38. Kg2 g6 39. Ng3 Bc4 40. f3 a5 41. Ne4 Be7 42. Nc3 Bb4 0-1

[Event "Budapest Spring op"]
[Site "Budapest"]
[Date "2018.04.19"]
[Round "2"]
[White "Kozak, Adam"]
[Black "Widla, Piotr"]
[Result "1-0"]
[WhiteElo "2440"]
[BlackElo "2065"]
[PlyCount "73"]
[EventDate "2018.04.18"]
[EventType "swiss"]
[EventRounds "9"]
[EventCountry "HUN"]
[SourceTitle "CBM 184 Extra"]
[Source "ChessBase"]
[SourceDate "2018.06.28"]
[SourceVersion "1"]
[SourceVersionDate "2018.06.28"]
[SourceQuality "1"]

1. Nf3 c5 2. c4 g6 3. g3 Bg7 4. Bg2 Nc6 5. Nc3 d6 6. 0-0 e5 7. a3 Be6 8. d3 Nge7 9. Rb1 a5 10. Bd2 0-0 11. Qa4 h6 12. Rfc1 Kh7 13. Qd1 Rb8 14. b3 f5 15. Ne1 f4 16. Nc2 Qd7 17. b4 axb4 18. axb4 fxg3 19. hxg3 Bh3 20. Qf1 Bxg2 21. Qxg2 cxb4 22. Nxb4 Nd4 23. Nc2 Nec6 24. Nxd4 Nxd4 25. Be3 Qg4 26. Rb2 Rf7 27. Bxd4 Qxd4 28. Rb3 Rbf8 29. Ne4 Qa7 30. Rcb1 Kg8 31. Rxb7 Rxb7 32. Rxb7 Qa1+ 33. Qf1 Qa8 34. Qb1 Qc8 35. Qb5 Rd8 36. Qd5+ Kh8 37. Qf7 1-0

[Event "POL-ch rapid"]
[Site "Zgierz"]
[Date "2018.03.04"]
[Round "8"]
[White "Widla, Piotr"]
[Black "Kulon, Klaudia"]
[Result "0-1"]
[WhiteElo "2065"]
[BlackElo "2326"]
[PlyCount "82"]
[EventDate "2018.03.04"]
[EventType "swiss (rapid)"]
[EventRounds "9"]
[EventCountry "POL"]
[SourceTitle "CBM 183 Extra"]
[Source "ChessBase"]
[SourceDate "2018.04.19"]
[SourceVersion "1"]
[SourceVersionDate "2018.04.19"]
[SourceQuality "1"]

1. e4 e5 2. Nf3 Nc6 3. d4 exd4 4. Bc4 Nf6 5. e5 d5 6. Bb5 Ne4 7. Nxd4 Bd7 8. Bxc6 bxc6 9. 0-0 Bc5 10. Be3 Bb6 11. Nd2 Ng5 12. f4 Ne6 13. c3 c5 14. Nxe6 fxe6 15. Qh5+ g6 16. Qh6 Qe7 17. a4 a5 18. Nf3 0-0-0 19. Rfd1 Bc6 20. Ng5 d4 21. cxd4 cxd4 22. Bf2 Bd5 23. Qh3 c5 24. Rac1 Kb7 25. Qd3 h6 26. Ne4 g5 27. Nd6+ Rxd6 28. exd6 Qxd6 29. fxg5 hxg5 30. Bg3 Qc6 31. Rf1 c4 32. Rf7+ Ka6 33. Qf1 Qxa4 34. Kh1 Qb3 35. Be5 Rh4 36. Rd7 Qxb2 37. Rb1 Bxg2+ 38. Kg1 d3+ 39. Bd4 Bxd4+ 40. Rxd4 Qxd4+ 41. Kxg2 Qe4+ 0-1

[Event "Krakow op-A 28th"]
[Site "Krakow"]
[Date "2018.01.04"]
[Round "9"]
[White "Widla, Piotr"]
[Black "Czopor, Maciej"]
[Result "0-1"]
[WhiteElo "2046"]
[BlackElo "2159"]
[PlyCount "60"]
[EventDate "2017.12.27"]
[EventType "swiss"]
[EventRounds "9"]
[EventCountry "POL"]
[SourceTitle "CBM 182 Extra"]
[Source "ChessBase"]
[SourceDate "2018.02.23"]
[SourceVersion "1"]
[SourceVersionDate "2018.02.23"]
[SourceQuality "1"]

1. e4 c5 2. Nc3 e6 3. g3 d5 4. Bg2 dxe4 5. Nxe4 Nc6 6. d3 Be7 7. Ne2 Nf6 8. 0-0 0-0 9. Be3 Nxe4 10. dxe4 Qc7 11. c3 b6 12. Qc2 Ba6 13. f4 Rad8 14. Rad1 e5 15. f5 c4 16. Rd5 Nb8 17. g4 Bb7 18. f6 Bxf6 19. Ng3 Be7 20. Nf5 Bxd5 21. exd5 Bc5 22. Rf3 g6 23. Nh6+ Kg7 24. g5 Rxd5 25. Qe4 Rd1+ 26. Bf1 Bxe3+ 27. Rxe3 f6 28. Rf3 Qc5+ 29. Kg2 fxg5 30. Qb7+ Rd7 0-1

[Event "Krakow op-A 28th"]
[Site "Krakow"]
[Date "2018.01.02"]
[Round "7"]
[White "Berdnyk, Mariia"]
[Black "Widla, Piotr"]
[Result "1-0"]
[WhiteElo "2204"]
[BlackElo "2046"]
[PlyCount "107"]
[EventDate "2017.12.27"]
[EventType "swiss"]
[EventRounds "9"]
[EventCountry "POL"]
[SourceTitle "CBM 182 Extra"]
[Source "ChessBase"]
[SourceDate "2018.02.23"]
[SourceVersion "1"]
[SourceVersionDate "2018.02.23"]
[SourceQuality "1"]

1. e4 c5 2. Nf3 d6 3. d4 cxd4 4. Nxd4 Nf6 5. Nc3 a6 6. Bc4 e6 7. Bb3 Be7 8. g4 h6 9. Be3 b5 10. a3 Bd7 11. Rg1 Nc6 12. f3 Na5 13. h4 Nc4 14. Bxc4 bxc4 15. Qd2 Rb8 16. Rb1 Qc7 17. Bf2 Qa5 18. Ke2 g6 19. Kf1 e5 20. Nde2 Be6 21. Qe3 h5 22. Qa7 Nd7 23. gxh5 Bh3+ 24. Ke1 Rxh5 25. Kd1 Be6 26. f4 d5 27. f5 gxf5 28. Rg8+ Bf8 29. Ng3 Rxh4 30. exf5 Rd8 31. fxe6 fxe6 32. Qe3 Rf4 33. Qe2 Nf6 34. Qxe5 Nxg8 35. Qxf4 d4 36. Nce4 Bh6 37. Qg4 Ke7 38. Qh4+ Kf8 39. Ke2 d3+ 40. cxd3 cxd3+ 41. Kf1 d2 42. Nc3 Kg7 43. Qg4+ Kh7 44. Qe4+ Kg7 45. Bd4+ Nf6 46. Kg2 Rxd4 47. Qxd4 e5 48. Qb4 Qc7 49. Nf5+ Kg6 50. Nxh6 Qc6+ 51. Kh2 Kxh6 52. Rg1 Qc8 53. Qh4+ Nh5 54. Qg5+ 1-0

[Event "Krakow op-A 28th"]
[Site "Krakow"]
[Date "2017.12.31"]
[Round "6"]
[White "Widla, Piotr"]
[Black "Ratsma, Midas"]
[Result "0-1"]
[WhiteElo "2046"]
[BlackElo "2250"]
[PlyCount "78"]
[EventDate "2017.12.27"]
[EventType "swiss"]
[EventRounds "9"]
[EventCountry "POL"]
[SourceTitle "CBM 182 Extra"]
[Source "ChessBase"]
[SourceDate "2018.02.23"]
[SourceVersion "1"]
[SourceVersionDate "2018.02.23"]
[SourceQuality "1"]

1. e4 c5 2. Nc3 Nc6 3. g3 g6 4. Bg2 Bg7 5. d3 d6 6. Be3 Nf6 7. h3 0-0 8. f4 Rb8 9. Nge2 Bd7 10. 0-0 Qb6 11. Rb1 a5 12. g4 e6 13. Ng3 Nd4 14. Qd2 Bc6 15. Qf2 Qc7 16. Nd1 e5 17. f5 h6 18. c3 Nb5 19. g5 hxg5 20. Bxg5 Bd7 21. Ne3 Qc8 22. Bxf6 Bxf6 23. Nd5 Bh4 24. Qf3 Qd8 25. f6 Nc7 26. Nxc7 Qxc7 27. Qe3 Kh7 28. c4 Rh8 29. Ne2 Rbe8 30. Nc3 Qd8 31. Rf3 Re6 32. Nd5 Bc6 33. Rbf1 Bxd5 34. exd5 Rxf6 35. Rxf6 Bxf6 36. Be4 Kg7 37. Qf3 Qe7 38. Rf2 Bg5 39. Qg2 Be3 0-1

[Event "Krakow op-A 28th"]
[Site "Krakow"]
[Date "2017.12.30"]
[Round "4"]
[White "Widla, Piotr"]
[Black "Dietmayer Kraeutler, Marco"]
[Result "0-1"]
[WhiteElo "2046"]
[BlackElo "2328"]
[PlyCount "86"]
[EventDate "2017.12.27"]
[EventType "swiss"]
[EventRounds "9"]
[EventCountry "POL"]
[SourceTitle "CBM 182 Extra"]
[Source "ChessBase"]
[SourceDate "2018.02.23"]
[SourceVersion "1"]
[SourceVersionDate "2018.02.23"]
[SourceQuality "1"]

1. e4 e5 2. Nf3 Nc6 3. d4 exd4 4. Bc4 Bb4+ 5. c3 dxc3 6. bxc3 Ba5 7. Qd5 Qe7 8. Ng5 Nh6 9. Ba3 Qe5 10. 0-0 d6 11. Nxf7 Qxd5 12. exd5 Nxf7 13. dxc6 bxc6 14. Re1+ Kf8 15. Re3 Bf5 16. Rf3 Bg6 17. h4 Ke8 18. Nd2 Ne5 19. Re3 Bb6 20. Rxe5+ dxe5 21. Re1 Kd7 22. Nf3 Rae8 23. Nxe5+ Kc8 24. Ba6+ Kb8 25. Nxc6+ Ka8 26. Rd1 Re6 27. Bb5 a6 28. Ba4 Re2 29. Nd4 Rxa2 30. Bc6+ Ka7 31. Be7 Bc2 32. Rc1 Ba4 33. Bd5 Rd2 34. Ra1 Bxd4 35. cxd4 Rd1+ 36. Rxd1 Bxd1 37. Bc5+ Kb8 38. Bc4 a5 39. d5 Rd8 40. Bd4 g6 41. Kf1 a4 42. Bf6 Rd6 43. Be7 Rd7 0-1

[Event "EU-ch rapid"]
[Site "Katowice"]
[Date "2017.12.17"]
[Round "10"]
[White "Widla, Piotr"]
[Black "Natsidis, Christoph"]
[Result "0-1"]
[WhiteElo "2046"]
[BlackElo "2345"]
[PlyCount "106"]
[EventDate "2017.12.16"]
[EventType "swiss (rapid)"]
[EventRounds "11"]
[EventCountry "POL"]
[SourceTitle "CBM 182 Extra"]
[Source "ChessBase"]
[SourceDate "2018.02.23"]
[SourceVersion "1"]
[SourceVersionDate "2018.02.23"]
[SourceQuality "1"]

1. e4 c5 2. Nc3 Nc6 3. g3 g6 4. Bg2 Bg7 5. d3 e6 6. Be3 d6 7. Nge2 Nd4 8. Qd2 Rb8 9. Nc1 b5 10. a3 Ne7 11. Nd1 0-0 12. c3 Ndc6 13. Bh6 a5 14. h4 f6 15. Bxg7 Kxg7 16. h5 g5 17. h6+ Kh8 18. f4 Ng6 19. Ne2 b4 20. Nf2 e5 21. Bh3 bxc3 22. bxc3 exf4 23. gxf4 Nxf4 24. Nxf4 gxf4 25. Bxc8 Qxc8 26. Qxf4 Ne5 27. Rg1 Rb2 28. Rd1 Qe6 29. Rg3 f5 30. Rd2 Rxd2 31. Kxd2 Ng6 32. Qg5 Qa2+ 33. Ke1 f4 34. Rf3 Qxa3 35. Nd1 Qa2 36. Rf2 Qf7 37. d4 cxd4 38. cxd4 Qc4 39. Qxa5 Qd3 40. Qc7 Qxe4+ 41. Re2 Qh1+ 42. Kd2 Qxh6 43. Rf2 f3+ 44. Kc2 Qf4 45. Qc3 Qf5+ 46. Kd2 Qf4+ 47. Kc2 d5 48. Ne3 Re8 49. Nxd5 Qe4+ 50. Kd2 Qxd5 51. Rxf3 Rd8 52. Ke3 Nh4 53. Rg3 Nf5+ 0-1

[Event "EU-ch rapid"]
[Site "Katowice"]
[Date "2017.12.16"]
[Round "6"]
[White "Widla, Piotr"]
[Black "Nikitenko, Mihail"]
[Result "0-1"]
[WhiteElo "2046"]
[BlackElo "2361"]
[PlyCount "54"]
[EventDate "2017.12.16"]
[EventType "swiss (rapid)"]
[EventRounds "11"]
[EventCountry "POL"]
[SourceTitle "CBM 182 Extra"]
[Source "ChessBase"]
[SourceDate "2018.02.23"]
[SourceVersion "1"]
[SourceVersionDate "2018.02.23"]
[SourceQuality "1"]

1. e4 e5 2. Nf3 Nc6 3. d4 exd4 4. Bc4 Nf6 5. e5 d5 6. Bb5 Ne4 7. Nxd4 Bd7 8. Bxc6 bxc6 9. 0-0 g6 10. Be3 c5 11. Nb3 c4 12. Qxd5 cxb3 13. Qxe4 bxc2 14. Qxc2 Bg7 15. Bc5 Qg5 16. f4 Qf5 17. Qf2 g5 18. Nc3 gxf4 19. Qh4 f6 20. Rxf4 Qg5 21. exf6 Qxc5+ 22. Kh1 0-0 23. Ne4 Qe5 24. Raf1 Bc6 25. Rg4 Bxe4 26. Rxg7+ Kh8 27. Re7 Qxe7 0-1

[Event "Krakow op-B 27th"]
[Site "Krakow"]
[Date "2016.12.29"]
[Round "4"]
[White "Filipskaya, Eleonora"]
[Black "Widla, Piotr"]
[Result "0-1"]
[WhiteElo "1910"]
[BlackElo "2003"]
[PlyCount "78"]
[EventDate "2016.12.27"]
[EventType "swiss"]
[EventRounds "9"]
[EventCountry "POL"]
[SourceTitle "CBM 176 Extra"]
[Source "ChessBase"]
[SourceDate "2017.03.02"]
[SourceVersion "1"]
[SourceVersionDate "2017.03.02"]
[SourceQuality "1"]

1. e4 c5 2. Nc3 a6 3. g3 b5 4. Bg2 Bb7 5. d3 e6 6. f4 Nf6 7. Nf3 d5 8. e5 Nfd7 9. 0-0 Nc6 10. b3 Qb6 11. Ne2 Be7 12. Bd2 0-0-0 13. Kh1 h5 14. h4 f6 15. Bh3 Kb8 16. Qe1 Rde8 17. Neg1 Bd8 18. Kh2 Bc7 19. exf6 Nxf6 20. Ne5 Nxe5 21. fxe5 Ng4+ 22. Bxg4 hxg4 23. Qe2 Qc6 24. Qxg4 Bxe5 25. Rae1 Bc7 26. Rf7 d4 27. Nf3 Rhf8 28. Rxf8 Rxf8 29. Re4 e5 30. Kg2 Qf6 31. Bg5 Qf7 32. Nh2 Qf2+ 33. Kh1 Qe1+ 34. Kg2 Rf2+ 35. Kh3 Qh1 36. Qe6 Qxh2+ 37. Kg4 Bc8 38. Qxc8+ Kxc8 39. h5 Qh1 0-1

[Event "Krakow op-B 27th"]
[Site "Krakow"]
[Date "2016.12.27"]
[Round "1"]
[White "Widla, Piotr"]
[Black "Czechowski, Jakub"]
[Result "1-0"]
[WhiteElo "2003"]
[BlackElo "1833"]
[PlyCount "63"]
[EventDate "2016.12.27"]
[EventType "swiss"]
[EventRounds "9"]
[EventCountry "POL"]
[SourceTitle "CBM 176 Extra"]
[Source "ChessBase"]
[SourceDate "2017.03.02"]
[SourceVersion "1"]
[SourceVersionDate "2017.03.02"]
[SourceQuality "1"]

1. e4 c5 2. Nc3 Nc6 3. g3 d6 4. Bg2 g6 5. d3 Bg7 6. Be3 e6 7. Qd2 Nge7 8. Bh6 Bxh6 9. Qxh6 Nd4 10. 0-0-0 b5 11. Nce2 Nec6 12. Nxd4 Nxd4 13. Qg7 Rf8 14. c3 Nc6 15. f4 e5 16. Nf3 Be6 17. Ng5 Qe7 18. Nxh7 0-0-0 19. Nxf8 Rxf8 20. Kb1 Qd8 21. f5 Bd7 22. h4 gxf5 23. exf5 Rg8 24. Qxf7 Rxg3 25. Bxc6 Bxc6 26. Rdg1 Rxd3 27. Rg8 Bxh1 28. Rxd8+ Kxd8 29. f6 Be4 30. Qe7+ Kc8 31. Kc1 Bg6 32. f7 1-0

[Event "Rubinstein Memorial 52nd"]
[Site "Polanica Zdroj"]
[Date "2016.08.25"]
[Round "6"]
[White "Luba, Lukasz"]
[Black "Widla, Piotr"]
[Result "1-0"]
[WhiteElo "2117"]
[BlackElo "2042"]
[PlyCount "81"]
[EventDate "2016.08.20"]
[EventType "swiss"]
[EventRounds "10"]
[EventCountry "POL"]
[SourceTitle "CBM 174 Extra"]
[Source "ChessBase"]
[SourceDate "2016.10.10"]
[SourceVersion "1"]
[SourceVersionDate "2016.10.10"]
[SourceQuality "1"]

1. d4 Nf6 2. c4 c5 3. d5 b5 4. cxb5 a6 5. bxa6 Bxa6 6. Nc3 g6 7. g3 d6 8. Bg2 Bg7 9. Bd2 Nbd7 10. Qc1 h5 11. h4 Ne5 12. Bf4 Nc4 13. b3 Nb6 14. Qd2 Rc8 15. Rc1 Qc7 16. Nh3 Qb7 17. 0-0 Nbd7 18. Rb1 Ng4 19. Qc2 0-0 20. Ng5 Qb4 21. Bd2 c4 22. Nce4 c3 23. Bf4 Nb6 24. Rfd1 Bxe2 25. Re1 Ba6 26. a3 Qa5 27. Rbd1 Bb7 28. Bxd6 Nxd5 29. Nc5 Ba8 30. Bxd5 Bxd5 31. Bxe7 Ba8 32. Bxf8 Bxf8 33. b4 Qxa3 34. Nxf7 Qb2 35. Qxg6+ Bg7 36. Nh6+ Nxh6 37. Qe6+ Kh7 38. Qxc8 Bf3 39. Rd7 c2 40. Nd3 Qb1 41. Qf8 1-0

[Event "Rubinstein Memorial 52nd"]
[Site "Polanica Zdroj"]
[Date "2016.08.24"]
[Round "5"]
[White "Widla, Piotr"]
[Black "Kanicki, Krzysztof"]
[Result "0-1"]
[WhiteElo "2042"]
[BlackElo "2177"]
[PlyCount "50"]
[EventDate "2016.08.20"]
[EventType "swiss"]
[EventRounds "10"]
[EventCountry "POL"]
[SourceTitle "CBM 174 Extra"]
[Source "ChessBase"]
[SourceDate "2016.10.10"]
[SourceVersion "1"]
[SourceVersionDate "2016.10.10"]
[SourceQuality "1"]

1. e4 c5 2. Nc3 d6 3. g3 Nc6 4. Bg2 g6 5. d3 Bg7 6. Be3 e6 7. Qd2 Rb8 8. Nh3 b5 9. 0-0 b4 10. Nd1 a5 11. f4 Nge7 12. c3 a4 13. f5 exf5 14. exf5 Bxf5 15. Rxf5 gxf5 16. Bh6 Be5 17. Ne3 a3 18. Nxf5 axb2 19. Re1 bxc3 20. Qc2 Qb6 21. Nxe7 b1Q 22. Bxc6+ Kxe7 23. Bg5+ f6 24. Bxf6+ Kxf6 25. Qf2+ Ke7 0-1